<?xml version="1.0" encoding="UTF-8"?>
<record
    xmlns:xsi="http://www.w3.org/2001/XMLSchema-instance"
    xsi:schemaLocation="http://www.loc.gov/MARC21/slim http://www.loc.gov/standards/marcxml/schema/MARC21slim.xsd"
    xmlns="http://www.loc.gov/MARC21/slim">

  <leader>01424nam a2200217 a 4500</leader>
  <controlfield tag="001">000012908</controlfield>
  <controlfield tag="005">20240306073902.0</controlfield>
  <controlfield tag="008">091118s1997    dr ac         000 0 spa d</controlfield>
  <datafield tag="020" ind1=" " ind2=" ">
    <subfield code="a">970640119X (v. 5)</subfield>
  </datafield>
  <datafield tag="040" ind1=" " ind2=" ">
    <subfield code="a">DO-SdBNP</subfield>
    <subfield code="b">spa</subfield>
    <subfield code="c">BNPHU</subfield>
  </datafield>
  <datafield tag="100" ind1="1" ind2=" ">
    <subfield code="a">Molina Moloon, Andr&#xE9;s</subfield>
    <subfield code="9">6595</subfield>
  </datafield>
  <datafield tag="245" ind1="1" ind2="0">
    <subfield code="a">Matem&#xE1;ticas :</subfield>
    <subfield code="b">educaci&#xF3;n b&#xE1;sica /</subfield>
    <subfield code="c">Andr&#xE9;s Molina Moloon ; direcci&#xF3;n editorial Obdulia Garc&#xED;a de Escobar ; ilustraciones Ruddy N&#xFA;&#xF1;ez.</subfield>
  </datafield>
  <datafield tag="250" ind1=" " ind2=" ">
    <subfield code="a">2a. ed.</subfield>
  </datafield>
  <datafield tag="260" ind1=" " ind2=" ">
    <subfield code="a">Santo Domingo :</subfield>
    <subfield code="b">Santillana,</subfield>
    <subfield code="c">1997.</subfield>
  </datafield>
  <datafield tag="300" ind1=" " ind2=" ">
    <subfield code="a">v. :</subfield>
    <subfield code="b">il., retrs. ;</subfield>
    <subfield code="c">28 cm.</subfield>
  </datafield>
  <datafield tag="500" ind1=" " ind2=" ">
    <subfield code="a">educaci&#xF3;n b&#xE1;sica</subfield>
  </datafield>
  <datafield tag="500" ind1=" " ind2=" ">
    <subfield code="a">La biblioteca solamente posee el volumen 5.</subfield>
  </datafield>
  <datafield tag="505" ind1="1" ind2=" ">
    <subfield code="a">v. 5 :</subfield>
    <subfield code="g">unidad 1 --</subfield>
    <subfield code="t">N&#xFA;meros del 1 al 100 millones --</subfield>
    <subfield code="g">unidad 2 --</subfield>
    <subfield code="t">Operaciones con n&#xFA;meros naturales --</subfield>
    <subfield code="g">unidad 3 --</subfield>
    <subfield code="t">La radicaci&#xF3;n --</subfield>
    <subfield code="g">unidad 4 --</subfield>
    <subfield code="t">Fracciones --</subfield>
    <subfield code="g">unidad 5 --</subfield>
    <subfield code="t">Operaciones con fracciones --</subfield>
    <subfield code="g">unidad 6 --</subfield>
    <subfield code="t">Los n&#xFA;meros decimales --</subfield>
    <subfield code="g">unidad 7 --</subfield>
    <subfield code="t">Operaciones con n&#xFA;meros decimales --</subfield>
    <subfield code="g">unidad 8 --</subfield>
    <subfield code="t">Plano cartesiano y gr&#xE1;ficos --</subfield>
    <subfield code="g">unidad 9 --</subfield>
    <subfield code="t">M&#xFA;ltiplos y divisores. N&#xFA;meros primos --</subfield>
    <subfield code="g">unidad 10 --</subfield>
    <subfield code="t">&#xC1;ngulos y congruencias --</subfield>
    <subfield code="g">unidad 11 --</subfield>
    <subfield code="t">Razones y proporciones --</subfield>
    <subfield code="g">unidad 12 --</subfield>
    <subfield code="t">Congruencia y semejanza de figuras --</subfield>
    <subfield code="g">unidad 13 --</subfield>
    <subfield code="t">Per&#xED;metros --</subfield>
    <subfield code="g">unidad 14 --</subfield>
    <subfield code="t">&#xC1;reas --</subfield>
    <subfield code="g">unidad 15 --</subfield>
    <subfield code="t">Mediciones --</subfield>
    <subfield code="g">unidad 16 --</subfield>
    <subfield code="t">Estad&#xED;stica --</subfield>
  </datafield>
  <datafield tag="700" ind1="1" ind2=" ">
    <subfield code="a">Garc&#xED;a Escobar, Obdulia de</subfield>
    <subfield code="e">dir. ed.</subfield>
    <subfield code="9">29220</subfield>
  </datafield>
  <datafield tag="700" ind1="1" ind2=" ">
    <subfield code="a">N&#xFA;&#xF1;ez, Ruddy</subfield>
    <subfield code="e">il.</subfield>
    <subfield code="9">23171</subfield>
  </datafield>
  <datafield tag="952" ind1=" " ind2=" ">
    <subfield code="0">0</subfield>
    <subfield code="1">0</subfield>
    <subfield code="7">1</subfield>
    <subfield code="8">PD</subfield>
    <subfield code="a">PD</subfield>
    <subfield code="b">PD</subfield>
    <subfield code="c">HD</subfield>
    <subfield code="d">2009-11-18</subfield>
    <subfield code="i">LF1</subfield>
    <subfield code="l">0</subfield>
    <subfield code="o"> </subfield>
    <subfield code="p">12908-10</subfield>
    <subfield code="r">2020-06-25</subfield>
    <subfield code="w">2020-06-25</subfield>
    <subfield code="y">LFPD</subfield>
    <subfield code="Z">No se presta</subfield>
  </datafield>
  <datafield tag="999" ind1=" " ind2=" ">
    <subfield code="c">12556</subfield>
    <subfield code="d">12556</subfield>
  </datafield>
</record>
